Applied remote sensing for urban planning, governance and sustainability / (Record no. 16604)

MARC details
000 -LEADER
fixed length control field 01322cam a22003497a 4500
001 - CONTROL NUMBER
control field 14895396
003 - CONTROL NUMBER IDENTIFIER
control field EG-ScBUE
005 - DATE AND TIME OF LATEST TRANSACTION
control field 20220830105139.0
008 - FIXED-LENGTH DATA ELEMENTS--GENERAL INFORMATION
fixed length control field 070619s2007 gw ab f b 001 0 eng d
020 ## - INTERNATIONAL STANDARD BOOK NUMBER
International Standard Book Number 354025546X (hbk.)
020 ## - INTERNATIONAL STANDARD BOOK NUMBER
International Standard Book Number 9783540255468 (hbk.)
040 ## - CATALOGING SOURCE
Original cataloging agency UKM
Language of cataloging eng
Description conventions rda
Transcribing agency UKM
Modifying agency BTCTA
-- BAKER
-- OHX
-- DLC
-- EG-ScBUE
082 04 - DEWEY DECIMAL CLASSIFICATION NUMBER
Classification number 711.4
Edition number 22
Item number APP
245 00 - TITLE STATEMENT
Title Applied remote sensing for urban planning, governance and sustainability /
Statement of responsibility, etc Maik Netzband, William Stefanov, Charles Redman, editors.
264 #1 - PUBLICATION, DISTRIBUTION, ETC. (IMPRINT)
Place of publication, distribution, etc Berlin ;
-- New York :
Name of publisher, distributor, etc Springer,
Date of publication, distribution, etc 2007.
300 ## - PHYSICAL DESCRIPTION
Extent xxxii, 278 pages :
Other physical details illustrations (some color), maps ;
Dimensions 25 cm
336 ## - CONTENT TYPE
Source rdacontent
Content type term text
Content type code txt
337 ## - MEDIA TYPE
Source rdamedia
Media type term unmediated
Media type code n
338 ## - CARRIER TYPE
Source rdacarrier
Carrier type term volume
Carrier type code nc
504 ## - BIBLIOGRAPHY, ETC. NOTE
Bibliography, etc Includes bibliographical references and index.
650 #7 - SUBJECT ADDED ENTRY--TOPICAL TERM
Topical term or geographic name as entry element City planning
General subdivision Remote sensing.
9 (RLIN) 29457
Source of heading or term BUEsh
650 #7 - SUBJECT ADDED ENTRY--TOPICAL TERM
Topical term or geographic name as entry element Metropolitan government
General subdivision Remote sensing.
9 (RLIN) 29458
Source of heading or term BUEsh
651 ## - SUBJECT ADDED ENTRY--GEOGRAPHIC NAME
Source of heading or term BUEsh
653 ## - INDEX TERM--UNCONTROLLED
Arrived date list March2012
Resource For college Engineering, Architecture
655 ## - INDEX TERM--GENRE/FORM
Form subdivision Reading book
9 (RLIN) 34232
700 1# - ADDED ENTRY--PERSONAL NAME
Personal name Netzband, Maik,
Relator term editor.
9 (RLIN) 29459
700 1# - ADDED ENTRY--PERSONAL NAME
Personal name Stefanov, William,
Relator term editor.
9 (RLIN) 29460
700 1# - ADDED ENTRY--PERSONAL NAME
Personal name Redman, Charles L.,
Relator term editor.
9 (RLIN) 29461
942 ## - ADDED ENTRY ELEMENTS (KOHA)
Source of classification or shelving scheme Dewey Decimal Classification
Koha item type Book - Borrowing
Holdings
Withdrawn status Lost status Source of classification or shelving scheme Damaged status Not for loan Collection code Home library Current library Shelving location Date acquired Source of acquisition Total Checkouts Total Renewals Full call number Barcode Checked out Date last seen Date checked out Price effective from Koha item type
    Dewey Decimal Classification     Alef-Baa Central Library Central Library Second Floor 26/03/2012 Donation 4 2 711.4 APP 000026536 28/03/2023 22/02/2023 22/02/2023 26/03/2012 Book - Borrowing